Managing the secondary school

Bibliographic Details
Main Author: Dean, Joan
Format: Book
Published: London : Croom Helm , 1986
Subjects:

MARC

LEADER 00000cam a2200000 7i4500
001 0000005264
002 000005687
005 20081104.0
020 |a 0709908598 
090 0 0 |a 373.12   |b DEA 
100 1 |a Dean, Joan 
245 1 0 |a Managing the secondary school   |c Joan Dean 
260 |a London :   |b Croom Helm ,   |c 1986 
300 |a 239p. ;   |c 21cm. 
650 0 0 |a Education, Secondary 
650 0 0 |a School management and organization 
999 |a 037702   |b BUKU   |c PINJAMAN   |e PERPUSTAKAAN KOMUNITI PETALING JAYA